000 00918nam a2200229 a 4500
999 _c9351
_d9351
001 9351
003 BD-JhCC
005 20180529095113.0
008 180313s1982 bg |||| ||a| 000 0 ben d
035 _a(BD-JhCC)9351
040 _aBD-JhCC
_dBD-JhCC
041 _aben
082 _a893
_bLUT 1982
100 _aলুতী, সৈয়দ মোস্তফা লুতফী আল-মানফা
245 _aমিসরের ছোট গল্প /
_cসৈয়দ মোস্তফা লুতফী আল-মানফা লুতী, মুহাম্মদ মুজিবুর রহমান (অনুবাদ)
260 _aঢাকা :
_bলায়ন্স পাবলিকেশন্স,
_c1982
300 _a95 p. :
_c20 cm.
650 _aEgypts Literature
700 _aরহমান, মুহাম্মদ মুজিবুর
942 _2ddc
_cBK